000 00196 a2200097 4500
001 16813
100 _aPetrie Glen
245 _aHand of glory
260 _a
_bPan books
_c
090 _c12677
_d12677
942 _aNUST-CAE
_cM
_c2977
999 _c251886
_d251886